000 00697nam a2200289Ia 4500
005 20260324113724.0
008 008 260324s9999 xx 000 0 eng d
020 _a9781003276951
037 _aEBOOK
040 _aCRL
040 _beng
040 _cCRL
041 _2eng
041 _aeng
084 _qCRL
100 _aAnne Mauro
_91147912
245 4 _aThe Colonization of Black Sexualities
245 2 _bA Clinical Guide to Relearning and Healing
260 _bTaylor and Francis
260 _c2023
365 _a
365 _b82.99
856 _uhttp://www.taylorfrancis.com/books/9781003276951
942 _cEBOOK
999 _c1737717
_d1737717